Gandhi y la no violencia / (Record no. 21644)
[ view plain ]
| 000 -CABECERA | |
|---|---|
| campo de control de longitud fija | 00808nam a2200241 4500 |
| 003 - IDENTIFICADOR DEL NÚMERO DE CONTROL | |
| campo de control | OSt |
| 005 - FECHA Y HORA DE LA ÚLTIMA TRANSACCIÓN | |
| campo de control | 20260601193846.0 |
| 008 - DATOS DE LONGITUD FIJA--INFORMACIÓN GENERAL | |
| campo de control de longitud fija | 260420b1991 ag |||| |||| 00| 0 spa d |
| 040 ## - FUENTE DE LA CATALOGACIÓN | |
| Centro catalogador/agencia de origen | ICI |
| Lengua de catalogación | spa |
| Centro/agencia transcriptor | ICI |
| 050 ## - SIGNATURA TOPOGRÁFICA DE LA BIBLIOTECA DEL CONGRESO | |
| Número de clasificación | DS481.G3 |
| Número de documento/Ítem | C6518 |
| 100 #1 - ENTRADA PRINCIPAL--NOMBRE DE PERSONA | |
| Nombre de persona | Colloti Pischel, Enrica, |
| 9 (RLIN) | 31453 |
| 245 #1 - MENCIÓN DE TÍTULO | |
| Título | Gandhi y la no violencia / |
| Mención de responsabilidad, etc. | Enrica collotti pischel ; traducción de luciana daelli |
| 264 ## - PRODUCCIÓN, PUBLICACIÓN, DISTRIBUCIÓN, FABRICACIÓN Y COPYRIGHT | |
| Nombre del de productor, editor, distribuidor, fabricante | Nueva vision, |
| Fecha de producción, publicación, distribución, fabricación o copyright | 1991 |
| Producción, publicación, distribución, fabricación y copyright | Buenos Aires : |
| 300 ## - DESCRIPCIÓN FÍSICA | |
| Extensión | 95 páginas |
| 336 ## - TIPO DE CONTENIDO | |
| Término de tipo de contenido | texto |
| Fuente | rdacontent |
| 337 ## - TIPO DE MEDIO | |
| Nombre/término del tipo de medio | sin medio |
| Fuente | rdamedia |
| 338 ## - TIPO DE SOPORTE | |
| Nombre/término del tipo de soporte | volumen |
| Fuente | rdacarrier |
| 490 ## - MENCIÓN DE SERIE | |
| Mención de serie | Coleccion diagonal |
| 600 ## - PUNTO DE ACCESO ADICIONAL DE MATERIA--NOMBRE DE PERSONA | |
| Nombre de persona | Gandhi, |
| Títulos y otros términos asociados al nombre | Mahatma, |
| Fechas asociadas al nombre | 1869-1948 |
| 9 (RLIN) | 31454 |
| 700 ## - PUNTO DE ACCESO ADICIONAL--NOMBRE DE PERSONA | |
| Nombre de persona | Daelli, Luciana, |
| Término indicativo de función/relación | traductor |
| 9 (RLIN) | 31455 |
| 700 ## - PUNTO DE ACCESO ADICIONAL--NOMBRE DE PERSONA | |
| Nombre de persona | Traducción de: |a Colloti Pischel, Enrica. |
| Término indicativo de función/relación | Gandhi e la non violenza |
| 9 (RLIN) | 31456 |
| 942 ## - ELEMENTOS DE PUNTO DE ACCESO ADICIONAL (KOHA) | |
| Fuente del sistema de clasificación o colocación | Library of Congress Classification |
| Tipo de ítem Koha | Libros |
| Estado de retiro | Estado de pérdida | Fuente del sistema de clasificación o colocación | Estado dañado | No para préstamo | Localización permanente | Ubicación/localización actual | Fecha de adquisición | Total de préstamos | Signatura topográfica completa | Código de barras | Fecha visto por última vez | Número de copia | Precio válido a partir de | Tipo de ítem Koha |
|---|---|---|---|---|---|---|---|---|---|---|---|---|---|---|
| El ejemplar forma parte de la colección y puede ser consultado según las políticas vigentes. | Library of Congress Classification | Biblioteca de Diseño Museo Franz Mayer | Biblioteca de Diseño Museo Franz Mayer | 20/04/2026 | DS481.G3 C6518 | BDIMFM000781 | 20/04/2026 | Ej.1 | 20/04/2026 | Libros |